বিংশ শতাব্দীতে ভারতীয় উপমহাদেশে আরবী ভাষা ও সাহিত্যচর্চা =( Practice of Arabic Language and Literature in the Twentieth Century Indian Subcontinent) / (Record no. 85396)
[ view plain ]
| 000 -LEADER | |
|---|---|
| fixed length control field | 01547nam a2200253 a 4500 |
| 001 - CONTROL NUMBER | |
| RUCL Control Number | 85396 |
| 003 - CONTROL NUMBER IDENTIFIER | |
| rucl marc code | BD-RjUL |
| 005 - DATE AND TIME OF LATEST TRANSACTION | |
| control field | 20250731154539.0 |
| 008 - FIXED-LENGTH DATA ELEMENTS--GENERAL INFORMATION | |
| fixed length control field | 250731s2024 bg ||||| m||| 00| 0 ben d |
| 035 ## - SYSTEM CONTROL NUMBER | |
| system control number | (BD-RjUL)85396 |
| 040 ## - CATALOGING SOURCE | |
| Original cataloging agency | BD-RjUL |
| Language of cataloging | ben /eng |
| Transcribing agency | BD-RjUL |
| Modifying agency | BD-RjUL |
| 041 ## - LANGUAGE CODE | |
| Language code of Book | ben |
| 082 ## - DEWEY DECIMAL CLASSIFICATION NUMBER | |
| Classification number | 892.7054 |
| Author mark and Year | HAB 2024 |
| DDC Edition number | 23 |
| 100 ## - MAIN ENTRY--PERSONAL NAME | |
| Personal name | আলী, হাশেম |
| 9 (RLIN) | 16384 |
| 245 10 - TITLE STATEMENT | |
| Title | বিংশ শতাব্দীতে ভারতীয় উপমহাদেশে আরবী ভাষা ও সাহিত্যচর্চা =( Practice of Arabic Language and Literature in the Twentieth Century Indian Subcontinent) / |
| Statement of responsibility, etc | হাশেম আলী ; |
| Name of Supervisor/Co-Supervisor | তত্ত্বাবধায়ক : ইফতিখারুল আলম মাসউদ |
| 246 ## - VARYING FORM OF TITLE | |
| Title proper/short title | Practice of Arabic Language and Literature in the Twentieth Century Indian Subcontinent |
| 260 ## - PUBLICATION, DISTRIBUTION, ETC. (IMPRINT) | |
| Place of publication, distribution, etc | রাজশাহী : |
| Name of publisher, distributor, etc | আরবী বিভাগ, রাজশাহী বিশ্ববিদ্যালয়, |
| Date of publication, distribution, etc | ২০২৪ |
| 300 ## - PHYSICAL DESCRIPTION | |
| Pagination | xxii, ১৭৫ পাতা ; |
| Dimensions | ২৯ সেমি. |
| 502 ## - DISSERTATION NOTE | |
| Dissertation note | থিসিস (পিএইচ. ডি.) -- আরবী বিভাগ, রাজশাহী বিশ্ববিদ্যালয়, ২০২৪ |
| 504 ## - BIBLIOGRAPHY, ETC. NOTE | |
| Bibliography, etc | গ্রন্থপঞ্জী : পাতা ১৬৪-১৭৫ |
| 650 ## - SUBJECT ADDED ENTRY--TOPICAL TERM | |
| Topical term or geographic name as entry element | Arabic Literature |
| Geographic subdivision | Indian Subcontinent |
| 9 (RLIN) | 16387 |
| 700 ## - ADDED ENTRY--SUPERVISOR/CO-SUPERVISOR NAME | |
| Personal name | মাসউদ, ইফতিখারুল আলম, তত্ত্বাবধায়ক |
| 9 (RLIN) | 1549 |
| 942 ## - ADDED ENTRY ELEMENTS (KOHA) | |
| Source of classification or shelving scheme | Dewey Decimal Classification |
| Koha item type | Theses |
| Source of classification or shelving scheme | Damaged status | Not for loan | Collection code | Permanent Location | Current Location | Shelving location | Date of accession | Source of acquisition | Total Checkouts | Full call number | Barcode | Date last seen | Copy number | Thesis |
|---|---|---|---|---|---|---|---|---|---|---|---|---|---|---|
| Dewey Decimal Classification | Not For Loan | Theses | Central Library, University of Rajshahi | Central Library, University of Rajshahi | Documentation Section | 30/07/2025 | Controller of Examination Office, University of Rajshahi, Rajshahi. | BTHE 892.7054 HAB 2024 | D5185 | 31/07/2025 | C-1 | Theses |